| 000 | 01240cam a2200337 i 4500 | ||
|---|---|---|---|
| 999 |
_c200441776 _d59988 |
||
| 003 | TR-AnTOB | ||
| 005 | 20210826160819.0 | ||
| 007 | ta | ||
| 008 | 050521m19869999tu 00000 tur d | ||
| 035 | _a(OCoLC)406317970 | ||
| 040 |
_aSULEY _btur _erda _cSULEY _dTR-AnTOB |
||
| 041 | 0 | _atur | |
| 041 | 0 | _aeng | |
| 050 | 0 | 0 |
_aHC57.A15 _bH |
| 099 | _a330.9 ULU | ||
| 110 | 2 |
_aDevlet Planlama Teşkilatı (Turkey) _9131299 |
|
| 245 | 1 | 0 |
_aUluslararası ekonomik göstergeler = _bInternational economic indicators. _cDevlet Planlama Teşkilatı (Turkey) |
| 246 | 3 | 1 | _aInternational economic indicators |
| 264 | 1 |
_aAnkara: _bDevlet Planlama Teşkilatı, _c1986- |
|
| 300 |
_acilt <1999-2014 > : _btablo ; _c26 cm. |
||
| 336 |
_atext _btxt _2rdacontent |
||
| 337 |
_aunmediated _bn _2rdamedia |
||
| 338 |
_avolume _bnc _2rdacarrier |
||
| 504 | _aKaynakça var. | ||
| 505 | 0 | _aNüfus -- Milli Gelir -- Para ve fiyatlar -- Dış ticaret -- İç ve dış borç -- İşgücü piyasası -- Uluslararası kuruluşların tahminleri. | |
| 650 | 0 |
_aEconomic history _vStatistics _941603 _y1990- |
|
| 650 | 0 |
_aEconomic development _vStatistics _927543 _zTurkey |
|
| 650 | 0 |
_aEconomic indicators _926233 |
|
| 942 |
_2lcc _cBK |
||